000 00766nam0a22002411 4500
001 rc\2590311
005 20250623123337.0
035 _a(NLR Aleph) 006754628
090 _a5780515
_c5780515
100 _a20110914d1929 |||y0rusy50 ca
101 0 _arus
102 _aRU
105 _ay z |||||
200 1 _aПорядок и беспорядок
_e[Картинки для детей]
_fС. Зубарев
210 _a[Москва]
_cГос. изд-во
_d1929
_eЛенинград
_gгослит. им. т. М. Томского
215 _a[11] с. красочн. рис.
_d20х15 см.
700 1 _aЗубарев
_bС.
801 0 _aRU
_bNLR
_gpsbo
801 1 _aRU
_bELAR
_2rusmarc
852 _aNLR
_j60/2505
942 _cBOOK
980 _aNB